Trombinoscope des premiers ministres de la Vème République Française - Statistiques

Statistiques générales
  • Ce quiz a été pris 235 fois
  • Le résultat moyen est 21 sur 28
Statistiques - réponses
Hint Réponse % Correct
Jean Castex
96%
François Bayrou
96%
Gabriel Attal
95%
Manuel Valls
95%
Élisabeth Borne
95%
Édith Cresson
94%
Jacques Chirac
94%
François Fillon
93%
Sébastien Lecornu
93%
Édouard Philippe
93%
Dominique De Villepin
90%
Georges Pompidou
89%
Alain Juppé
88%
Lionel Jospin
86%
Michel Barnier
85%
Bernard Cazeneuve
78%
Édouard Balladur
73%
Jean-Marc Ayrault
71%
Jean-Pierre Raffarin
69%
Laurent Fabius
66%
Pierre Bérégovoy
55%
Michel Debré
51%
Raymond Barre
49%
Maurice Couve de Murville
46%
Michel Rocard
45%
Jacques Chaban-Delmas
42%
Pierre Mauroy
41%
Pierre Messmer
38%
Aucun quiz correspondant
Distribution des résultats
% des personnes avec chaque résultat
Percentile par nombre de réponses
Votre historique - résultats
Vous n’avez pas pris ce quiz